000 00700na a2200253 4500
001 18188
003 MIRAKIL
005 20181213154918.0
008 161114b tu 000 0
020 _a6053880448
040 _aMilas
_btur
_cTR-AnCHP
041 _atur
082 _a358
_bÜ54p 2008
090 _a358 Ü54p 2008
100 _aÜnlü, Nafiz
245 _aProje yönetimi
_cNafiz Ünlü
260 _aİstanbul
_bBirleşik Tomurcuk
_c2008
300 _a234 s.
_btbl.;grf.; şkl.
_c25 sm.
500 _aYapıt yazarından imzalıdır.
504 _aDizin var.
650 _aProje yönetimi
_xProgramlama
650 _aGenel yönetim
_xProje yönetimi
_yPlanlama
942 _2ddc
_cBKS
999 _c3056
_d3056